The ISA handbook of diverse sociological traditions (Record no. 48370)

MARC details
000 -LEADER
fixed length control field 01716nam a2200301 a 4500
001 - CONTROL NUMBER
control field 15599919
008 - FIXED-LENGTH DATA ELEMENTS--GENERAL INFORMATION
fixed length control field 181003s2010 ||||||||||||||||| || u
010 ## - LIBRARY OF CONGRESS CONTROL NUMBER
LC control number 2009921295
020 ## - INTERNATIONAL STANDARD BOOK NUMBER
International Standard Book Number 9781847874023
020 ## - INTERNATIONAL STANDARD BOOK NUMBER
International Standard Book Number 1847874029
050 ## - LIBRARY OF CONGRESS CALL NUMBER
Classification number HM 585 Int
100 ## - MAIN ENTRY--PERSONAL NAME
Personal name Patel, Sujata
245 14 - TITLE STATEMENT
Title The ISA handbook of diverse sociological traditions
Statement of responsibility, etc. edited by Sujata Patel
246 ## - VARYING FORM OF TITLE
Title proper/short title Handbook of diverse sociological traditions
246 ## - VARYING FORM OF TITLE
Title proper/short title Sociological traditions
246 ## - VARYING FORM OF TITLE
Title proper/short title International Sociological Association handbook of diverse sociological traditions
246 ## - VARYING FORM OF TITLE
Title proper/short title Diverse sociological traditions
260 ## - PUBLICATION, DISTRIBUTION, ETC.
Place of publication, distribution, etc. London:
Name of publisher, distributor, etc. SAGE
Date of publication, distribution, etc. 2010
300 ## - PHYSICAL DESCRIPTION
Extent xvii, 366p.
490 ## - SERIES STATEMENT
Series statement Sage studies in international sociology
500 ## - GENERAL NOTE
General note Includes bibliographical references and indexes
505 ## - FORMATTED CONTENTS NOTE
Formatted contents note The debate : one sociology or many sociologies -- Beyond the classical theorists : European and American sociology today -- Local traditions and universal sociologies : the dilemmas of post-communist states of central and eastern Europe -- Authoritarianism and challenges to sociology in Latrin America -- The colonial heritage and its sociological traditions : Africa, the Middle East/west Asia, south Asia and the Caribbean -- Local or universal : identity and difference in the sociology of the Far East.
650 #0 - SUBJECT ADDED ENTRY--TOPICAL TERM
Topical term or geographic name entry element GLOBALIZATION--SOCIAL ASPECTS
650 #0 - SUBJECT ADDED ENTRY--TOPICAL TERM
Topical term or geographic name entry element SOCIOLOGY
856 ## - ELECTRONIC LOCATION AND ACCESS
Uniform Resource Identifier <a href="http://www.loc.gov/catdir/enhancements/fy1006/2009921295-t.html">http://www.loc.gov/catdir/enhancements/fy1006/2009921295-t.html</a>
856 ## - ELECTRONIC LOCATION AND ACCESS
Uniform Resource Identifier <a href="http://www.loc.gov/catdir/enhancements/fy1006/2009921295-d.html">http://www.loc.gov/catdir/enhancements/fy1006/2009921295-d.html</a>
995 ## - RECOMMENDATION 995 [LOCAL, UNIMARC FRANCE]
-- CBU-MAIN LIBRARY (Kitwe)
-- 41.04
-- 1
-- AVAILABLE
-- Oct 3, 2018
-- Main Library Open Access Collection
Holdings
Withdrawn status Lost status Source of classification or shelving scheme Damaged status Not for loan Home library Current library Shelving location Date acquired Total Checkouts Full call number Barcode Date last seen Price effective from Koha item type
          CBU-MAIN LIBRARY, KITWE. CBU-MAIN LIBRARY, KITWE.   11/30/2022   HM 585 Int 748517 11/30/2022 11/30/2022 MONOGRAPH